Blackburn Rovers Best Scorer By Year - Statistics

General Stats
  • This quiz has been taken 196 times
  • The average score is 4 of 20
Answer Stats
Player % Correct
Alan Shearer
98%
Chris Sutton
68%
Roque Santa Cruz
40%
Andy Cole
38%
Benni McCarthy
29%
David Dunn
27%
Damien Duff
23%
Kevin Gallacher
20%
Yakubu Aiyegbeni
19%
Craig Bellamy
14%
Jason Roberts
14%
George Jones
13%
Paul Dickov
10%
Ashley Ward
8%
Junior Hoilett
7%
Nikola Kalinić
7%
Andy McEvoy
4%
Fred Pickering
4%
Peter Dobing
3%
Ian Lawther
2%
No matching quizzes found
Score Distribution
Percent of People with Each Score
Percentile by Number Answered
Your Score History
You have not taken this quiz